[Event "The Irish Championship 2020"]
[Site "Colaiste Eanna, Dublin, Ireland"]
[Date "2020.08.03"]
[Round "3"]
[Board "10"]
[White "MacElligott, Gerard"]
[Black "Moran, Darragh"]
[Result "0-1"]
[WhiteElo "2020"]
[BlackElo "1873"]
[PlyCount "0"]
[EventDate "2020.08.01"]
[EventRounds "9"]
[EventCountry "IRL"]

1. Nf3 {[%clk 02:14:10]} {[%emt 00:01:59]} d5 {[%emt 00:00:17]} 2. g3 {[%clk
02:14:23]} {[%emt 00:00:12]} Nf6 {[%emt 00:00:14]} 3. Bg2 {[%clk 02:14:28]}
{[%emt 00:00:27]} e6 {[%emt 00:00:10]} 4. O-O {[%clk 02:14:43]} {[%emt
00:00:16]} Be7 {[%emt 00:00:09]} 5. d4 {[%clk 02:13:50]} {[%emt 00:01:26]} O-O
{[%emt 00:00:14]} 6. c4 {[%clk 02:13:48]} {[%emt 00:00:35]} dxc4 {[%emt
00:00:15]} 7. Qc2 {[%clk 02:12:42]} {[%emt 00:01:34]} a6 {[%emt 00:00:39]} 8.
a4 {[%clk 02:12:26]} {[%emt 00:00:47]} Bd7 {[%emt 00:00:14]} 9. Qxc4 {[%clk
02:08:13]} {[%emt 00:04:46]} Bc6 {[%emt 00:09:47]} 10. Bg5 {[%clk 01:47:26]}
{[%emt 00:12:42]} a5 {[%emt 00:12:35]} 11. Nc3 {[%clk 01:45:09]} {[%emt
00:02:49]} Na6 {[%emt 00:15:07]} 12. Bxf6 {[%clk 01:35:56]} {[%emt 00:08:51]}
Bxf6 {[%emt 00:01:31]} 13. e4 {[%clk 01:36:09]} {[%emt 00:00:20]} Nb4 {[%emt
00:05:22]} 14. Rfd1 {[%clk 01:30:52]} {[%emt 00:05:25]} Qc8 {[%emt 00:11:36]}
15. Rac1 {[%clk 01:12:35]} {[%emt 00:18:49]} Rd8 {[%emt 00:09:08]} 16. e5
{[%clk 00:53:20]} {[%emt 00:19:47]} Be7 {[%emt 00:07:18]} 17. Ne1 {[%clk
00:46:42]} {[%emt 00:01:09]} Bxg2 {[%emt 00:09:32]} 18. Nxg2 {[%clk 00:42:49]}
{[%emt 00:00:38]} c6 {[%emt 00:02:31]} 19. Nf4 {[%clk 00:36:11]} {[%emt
00:07:10]} Nd5 {[%emt 00:03:11]} 20. Nd3 {[%clk 00:33:28]} {[%emt 00:03:17]}
Nxc3 {[%emt 00:03:19]} 21. Rxc3 {[%clk 00:13:05]} {[%emt 00:19:45]} Rd5 {[%emt
00:05:03]} 22. Nf4 {[%clk 00:09:36]} {[%emt 00:01:56]} Rd8 {[%emt 00:02:11]} 23.
h4 {[%clk 00:09:58]} {[%emt 00:00:11]} g6 {[%emt 00:03:54]} 24. Qe2 {[%clk
00:09:00]} {[%emt 00:01:26]} Qd7 {[%emt 00:03:37]} 25. Qg4 {[%clk 00:08:50]}
{[%emt 00:00:42]} Qe8 {[%emt 00:02:00]} 26. h5 {[%clk 00:08:49]} {[%emt
00:00:34]} Qf8 {[%emt 00:09:22]} 27. hxg6 {[%clk 00:09:04]} {[%emt 00:00:18]}
hxg6 {[%emt 00:00:10]} 28. Nh5 {[%clk 00:06:48]} {[%emt 00:02:49]} Qh6 {[%emt
00:02:15]} 29. Nf6+ {[%clk 00:06:33]} {[%emt 00:00:48]} Bxf6 {[%emt 00:00:47]}
30. exf6 {[%clk 00:07:05]} {[%emt 00:00:02]} Qh5 {[%emt 00:00:50]} 31. Qxh5
{[%clk 00:06:07]} {[%emt 00:01:31]} gxh5 {[%clk 00:54:49]} {[%emt 00:00:06]} 32.
g4 {[%clk 00:06:01]} {[%emt 00:00:41]} hxg4 {[%emt 00:02:30]} 33. Rg3 {[%clk
00:04:41]} {[%emt 00:01:53]} Kh7 {[%emt 00:01:25]} 34. Rxg4 {[%clk 00:01:52]}
{[%emt 00:03:22]} Rg8 {[%emt 00:00:14]} 35. f3 {[%clk 00:02:13]} {[%emt
00:00:13]} Rad8 {[%emt 00:00:40]} 36. Kf2 {[%clk 00:01:19]} {[%emt 00:01:23]}
Rxg4 {[%emt 00:01:58]} 37. fxg4 {[%clk 00:01:50]} {[%emt 00:00:02]} Kg6 {[%emt
00:00:56]} 38. Ke3 {[%clk 00:01:58]} {[%emt 00:00:26]} c5 {[%clk 00:49:49]}
{[%emt 00:01:35]}  0-1

[Event "The Irish Championship 2020"]
[Site "Colaiste Eanna, Dublin, Ireland"]
[Date "2020.08.03"]
[Round "3"]
[Board "11"]
[White "Flynn, Jacob"]
[Black "McHugh, Kevin"]
[Result "1-0"]
[WhiteElo "2114"]
[BlackElo "2010"]
[PlyCount "0"]
[EventDate "2020.08.01"]
[EventRounds "9"]
[EventCountry "IRL"]

1. d4 {[%clk 02:16:06]} {[%emt 00:00:02]} Nf6 {[%clk 02:16:04]} {[%emt
00:00:07]} 2. c4 {[%clk 02:16:37]} {[%emt 00:00:03]} g6 {[%clk 02:16:32]}
{[%emt 00:00:08]} 3. Nc3 {[%clk 02:17:07]} {[%emt 00:00:04]} d5 {[%clk
02:17:01]} {[%emt 00:00:07]} 4. Bg5 {[%clk 02:17:37]} {[%emt 00:00:04]} Ne4
{[%clk 02:17:09]} {[%emt 00:00:27]} 5. Bh4 {[%clk 02:18:07]} {[%emt 00:00:05]}
Nxc3 {[%clk 02:17:34]} {[%emt 00:00:11]} 6. bxc3 {[%clk 02:18:35]} {[%emt
00:00:06]} Bg7 {[%clk 02:16:35]} {[%emt 00:01:34]} 7. e3 {[%clk 02:18:18]}
{[%emt 00:00:53]} O-O {[%clk 02:16:53]} {[%emt 00:00:17]} 8. Nf3 {[%clk
02:15:17]} {[%emt 00:03:36]} c6 {[%clk 02:16:52]} {[%emt 00:00:35]} 9. Qb3
{[%clk 02:14:53]} {[%emt 00:00:59]} dxc4 {[%clk 02:12:15]} {[%emt 00:05:12]} 10.
Bxc4 {[%clk 02:14:52]} {[%emt 00:00:36]} b5 {[%clk 02:12:22]} {[%emt 00:00:27]}
11. Be2 {[%clk 02:14:53]} {[%emt 00:00:35]} Be6 {[%clk 02:12:41]} {[%emt
00:00:17]} 12. Qa3 {[%clk 02:15:05]} {[%emt 00:00:23]} Re8 {[%clk 02:12:29]}
{[%emt 00:00:46]} 13. c4 {[%clk 02:04:23]} {[%emt 00:11:18]} bxc4 {[%clk
02:06:59]} {[%emt 00:06:05]} 14. Rc1 {[%clk 02:01:24]} {[%emt 00:03:34]} Nd7
{[%clk 02:04:54]} {[%emt 00:02:40]} 15. Bxc4 {[%clk 01:54:37]} {[%emt
00:07:22]} Bd5 {[%clk 02:03:54]} {[%emt 00:01:34]} 16. O-O {[%clk 01:44:36]}
{[%emt 00:10:37]} Nb6 {[%clk 01:55:15]} {[%emt 00:09:15]} 17. Be2 {[%clk
01:24:19]} {[%emt 00:20:50]} Qd7 {[%clk 01:46:58]} {[%emt 00:08:52]} 18. Bg3
{[%clk 01:17:23]} {[%emt 00:07:30]} h6 {[%clk 01:39:26]} {[%emt 00:08:09]} 19.
Ne5 {[%clk 01:13:34]} {[%emt 00:04:25]} Qe6 {[%clk 01:39:16]} {[%emt 00:00:45]}
20. Bg4 {[%clk 01:08:15]} {[%emt 00:05:53]} f5 {[%clk 01:37:23]} {[%emt
00:02:28]} 21. Be2 {[%clk 00:54:02]} {[%emt 00:14:47]} Bxe5 {[%clk 01:34:00]}
{[%emt 00:04:00]} 22. Bxe5 {[%clk 00:53:41]} {[%emt 00:00:55]} Nc4 {[%clk
01:32:17]} {[%emt 00:02:18]} 23. Bxc4 {[%clk 00:54:15]} {[%emt 00:00:02]} Bxc4
{[%clk 01:32:44]} {[%emt 00:00:07]} 24. Rfe1 {[%clk 00:54:41]} {[%emt
00:00:09]} Bb5 {[%clk 01:26:23]} {[%emt 00:06:57]} 25. e4 {[%clk 00:51:33]}
{[%emt 00:03:42]} a5 {[%clk 01:15:06]} {[%emt 00:11:53]} 26. Qh3 {[%clk
00:49:32]} {[%emt 00:02:35]} h5 {[%clk 01:13:02]} {[%emt 00:02:39]} 27. Qe3
{[%clk 00:38:34]} {[%emt 00:11:33]} Kf7 {[%clk 01:08:24]} {[%emt 00:05:13]} 28.
Qh6 {[%clk 00:34:40]} {[%emt 00:04:29]} Rg8 {[%clk 01:08:43]} {[%emt 00:00:16]}
29. exf5 {[%emt 00:05:14]} Qxf5 {[%clk 01:06:28]} 30. Qh7+ {[%clk 00:32:12]}
{[%emt 00:01:14]} Ke6 {[%clk 01:06:57]} {[%emt 00:00:06]} 31. Bf6+ {[%clk
00:31:47]} {[%emt 00:01:01]}  1-0

[Event "The Irish Championship 2020"]
[Site "Colaiste Eanna, Dublin, Ireland"]
[Date "2020.08.03"]
[Round "3"]
[Board "12"]
[White "Cafolla, Peter"]
[Black "O'Connell, Gerard"]
[Result "1/2-1/2"]
[WhiteElo "1955"]
[BlackElo "2075"]
[PlyCount "0"]
[EventDate "2020.08.01"]
[EventRounds "9"]
[EventCountry "IRL"]

1. d4 {[%clk 02:16:00]} {[%emt 00:00:09]} Nf6 {[%clk 02:16:04]} {[%emt
00:00:06]} 2. c4 {[%clk 02:16:28]} {[%emt 00:00:06]} g6 {[%clk 02:16:37]}
{[%emt 00:00:03]} 3. Nc3 {[%clk 02:16:57]} {[%emt 00:00:06]} d5 {[%clk
02:17:07]} {[%emt 00:00:05]} 4. e3 {[%clk 02:17:25]} {[%emt 00:00:07]} c6
{[%clk 02:16:09]} {[%emt 00:01:33]} 5. Bd3 {[%clk 02:16:48]} {[%emt 00:01:12]}
Bg7 {[%clk 02:15:37]} {[%emt 00:01:07]} 6. Nf3 {[%clk 02:17:17]} {[%emt
00:00:06]} O-O {[%clk 02:15:54]} {[%emt 00:00:17]} 7. O-O {[%clk 02:17:47]}
{[%emt 00:00:06]} Bf5 {[%clk 02:09:36]} {[%emt 00:06:52]} 8. Bxf5 {[%clk
02:15:33]} {[%emt 00:02:49]} gxf5 {[%clk 02:07:44]} {[%emt 00:02:28]} 9. cxd5
{[%clk 02:12:17]} {[%emt 00:03:51]} Nxd5 {[%clk 01:59:01]} {[%emt 00:09:18]} 10.
Qb3 {[%clk 02:11:34]} {[%emt 00:01:17]} b6 {[%clk 01:59:15]} {[%emt 00:00:22]}
11. Bd2 {[%clk 02:09:22]} {[%emt 00:02:47]} e6 {[%clk 01:55:42]} {[%emt
00:04:09]} 12. Rac1 {[%clk 02:03:28]} {[%emt 00:06:29]} Nxc3 {[%clk 01:47:33]}
{[%emt 00:08:43]} 13. Bxc3 {[%clk 01:59:03]} {[%emt 00:05:00]} a5 {[%clk
01:40:20]} {[%emt 00:07:47]} 14. a4 {[%clk 01:54:37]} {[%emt 00:05:02]} Nd7
{[%clk 01:36:21]} {[%emt 00:04:33]} 15. Rfd1 {[%clk 01:48:05]} {[%emt
00:07:07]} Qc7 {[%clk 01:35:57]} {[%emt 00:01:00]} 16. Qc2 {[%clk 01:42:49]}
{[%emt 00:05:52]} Rfc8 {[%clk 01:33:47]} {[%emt 00:02:43]} 17. Qe2 {[%clk
01:35:50]} {[%emt 00:07:35]} Qd8 {[%clk 01:24:53]} {[%emt 00:09:29]} 18. Ne5
{[%clk 01:27:20]} {[%emt 00:09:04]} Qe7 {[%clk 01:23:08]} {[%emt 00:02:19]} 19.
Qf3 {[%clk 01:24:22]} {[%emt 00:03:35]} Bxe5 {[%clk 01:13:46]} {[%emt
00:09:57]} 20. dxe5 {[%clk 01:24:49]} {[%emt 00:00:08]} Nc5 {[%clk 01:14:04]}
{[%emt 00:00:15]} 21. Bd4 {[%clk 01:22:24]} {[%emt 00:03:01]} Ne4 {[%clk
01:12:35]} {[%emt 00:02:04]} 22. Qf4 {[%clk 01:16:20]} {[%emt 00:06:39]} c5
{[%clk 01:06:54]} {[%emt 00:06:16]} 23. f3 {[%clk 01:10:55]} {[%emt 00:06:00]}
cxd4 {[%clk 00:58:41]} {[%emt 00:08:48]} 24. fxe4 {[%clk 01:09:22]} {[%emt
00:02:08]} Rxc1 {[%clk 00:55:01]} {[%emt 00:04:14]} 25. Rxc1 {[%clk 01:09:52]}
{[%emt 00:00:06]} d3 {[%clk 00:54:15]} {[%emt 00:01:21]} 26. exf5 {[%clk
01:10:04]} {[%emt 00:00:23]} exf5 {[%clk 00:53:23]} {[%emt 00:01:27]} 27. Qxf5
{[%clk 01:10:06]} {[%emt 00:00:34]} Rd8 {[%clk 00:46:09]} {[%emt 00:07:48]} 28.
Rd1 {[%clk 01:09:28]} {[%emt 00:01:13]} d2 {[%clk 00:45:01]} {[%emt 00:01:43]}
29. Qf2 {[%clk 01:09:03]} {[%emt 00:01:00]} Qc5 {[%clk 00:41:31]} {[%emt
00:04:04]} 30. Qf4 {[%clk 01:04:13]} {[%emt 00:05:27]} Qd5 {[%clk 00:25:14]}
{[%emt 00:16:51]} 31. Kf2 {[%clk 00:58:13]} {[%emt 00:06:35]} Qd3 {[%clk
00:21:46]} {[%emt 00:04:04]} 32. Qg5+ {[%clk 00:50:38]} {[%emt 00:08:11]} Kf8
{[%clk 00:21:27]} {[%emt 00:00:53]} 33. Qh6+ {[%clk 00:50:30]} {[%emt
00:00:43]} Ke8 {[%clk 00:17:48]} {[%emt 00:04:14]} 34. Qxb6 {[%clk 00:47:27]}
{[%emt 00:03:37]} Qf5+ {[%clk 00:18:11]} {[%emt 00:00:13]} 35. Kg1 {[%emt
00:08:04]}  1/2-1/2

[Event "The Irish Championship 2020"]
[Site "Colaiste Eanna, Dublin, Ireland"]
[Date "2020.08.03"]
[Round "3"]
[Board "13"]
[White "Putar, Lara"]
[Black "Venkatesan, Kavin"]
[Result "0-1"]
[WhiteElo "1834"]
[BlackElo "1946"]
[PlyCount "0"]
[EventDate "2020.08.01"]
[EventRounds "9"]
[EventCountry "IRL"]

1. d4 {[%clk 02:16:08]} {[%emt 00:00:02]} Nf6 {[%clk 02:16:08]} {[%emt
00:00:02]} 2. c4 {[%clk 02:16:36]} {[%emt 00:00:06]} e6 {[%clk 02:16:34]}
{[%emt 00:00:08]} 3. Nf3 {[%clk 02:16:56]} {[%emt 00:00:16]} d5 {[%clk
02:16:53]} {[%emt 00:00:16]} 4. g3 {[%clk 02:16:47]} {[%emt 00:00:44]} Bb4+
{[%clk 02:17:16]} {[%emt 00:00:12]} 5. Bd2 {[%clk 02:17:15]} {[%emt 00:00:07]}
Be7 {[%clk 02:17:46]} {[%emt 00:00:06]} 6. Bg2 {[%clk 02:15:15]} {[%emt
00:02:35]} O-O {[%clk 02:16:47]} {[%emt 00:01:34]} 7. O-O {[%clk 02:13:29]}
{[%emt 00:02:22]} Nbd7 {[%clk 02:15:39]} {[%emt 00:01:42]} 8. Nc3 {[%clk
02:08:16]} {[%emt 00:05:48]} dxc4 {[%clk 02:10:47]} {[%emt 00:05:27]} 9. Rc1
{[%clk 01:59:00]} {[%emt 00:09:51]} c6 {[%clk 01:57:08]} {[%emt 00:14:15]} 10.
a4 {[%clk 01:44:17]} {[%emt 00:15:18]} a6 {[%clk 01:46:18]} {[%emt 00:11:25]}
11. Na2 {[%clk 01:35:48]} {[%emt 00:09:04]} b5 {[%clk 01:37:22]} {[%emt
00:09:31]} 12. axb5 {[%clk 01:35:12]} {[%emt 00:01:10]} axb5 {[%clk 01:37:23]}
{[%emt 00:00:35]} 13. Nb4 {[%clk 01:35:19]} {[%emt 00:00:28]} Bb7 {[%clk
01:36:18]} {[%emt 00:01:40]} 14. Re1 {[%clk 01:18:49]} {[%emt 00:17:06]} c5
{[%clk 01:20:29]} {[%emt 00:16:25]} 15. dxc5 {[%clk 01:10:17]} {[%emt
00:09:06]} Nxc5 {[%clk 01:19:28]} {[%emt 00:01:36]} 16. Bc3 {[%clk 01:06:31]}
{[%emt 00:04:22]} Qb6 {[%clk 01:13:49]} {[%emt 00:06:14]} 17. Ne5 {[%clk
00:57:52]} {[%emt 00:09:14]} Bxg2 {[%clk 01:10:15]} {[%emt 00:04:09]} 18. Kxg2
{[%clk 00:58:15]} {[%emt 00:00:12]} Nb3 {[%clk 01:08:59]} {[%emt 00:01:52]} 19.
Rb1 {[%clk 00:57:16]} {[%emt 00:01:33]} Bxb4 {[%clk 00:54:08]} {[%emt
00:15:26]} 20. Bxb4 {[%clk 00:54:58]} {[%emt 00:02:52]} Rfd8 {[%clk 00:54:37]}
{[%emt 00:00:07]} 21. Qc2 {[%clk 00:54:14]} {[%emt 00:01:18]} Nd4 {[%clk
00:54:34]} {[%emt 00:00:38]} 22. Qc1 {[%clk 00:50:33]} {[%emt 00:04:16]} Ra4
{[%clk 00:39:15]} {[%emt 00:15:54]} 23. Bc3 {[%clk 00:48:57]} {[%emt 00:02:11]}
Nb3 {[%clk 00:27:16]} {[%emt 00:12:35]} 24. Qf4 {[%clk 00:42:56]} {[%emt
00:06:35]} Qc7 {[%clk 00:25:18]} {[%emt 00:02:33]} 25. Rbd1 {[%clk 00:40:55]}
{[%emt 00:02:36]} Nd5 {[%clk 00:23:59]} {[%emt 00:01:54]} 26. Qf3 {[%clk
00:39:10]} {[%emt 00:02:19]} b4 {[%clk 00:21:44]} {[%emt 00:02:52]} 27. e4
{[%clk 00:27:17]} {[%emt 00:12:28]} bxc3 {[%clk 00:21:23]} {[%emt 00:00:56]} 28.
bxc3 {[%clk 00:10:45]} {[%emt 00:17:06]} Nf6 {[%clk 00:19:13]} {[%emt
00:02:45]} 29. Rxd8+ {[%clk 00:10:47]} {[%emt 00:00:33]} Qxd8 {[%clk 00:19:44]}
{[%emt 00:00:04]} 30. Rd1 {[%clk 00:10:27]} {[%emt 00:00:55]} Qc7 {[%clk
00:19:13]} {[%emt 00:01:00]} 31. Rd7 {[%clk 00:08:40]} {[%emt 00:02:26]} Qxd7
{[%clk 00:18:49]} {[%emt 00:01:01]} 32. Nxd7 {[%clk 00:08:39]} {[%emt
00:00:35]} Nxd7 {[%clk 00:19:21]} {[%emt 00:00:04]} 33. Qd1 {[%clk 00:07:59]}
{[%emt 00:01:15]} Nf8 {[%clk 00:17:22]} {[%emt 00:02:34]} 34. Qd8 {[%clk
00:06:18]} {[%emt 00:02:16]} Ra2 {[%clk 00:17:13]} {[%emt 00:00:43]} 35. Kf3
{[%clk 00:05:26]} {[%emt 00:01:28]} Rc2 {[%clk 00:17:16]} {[%emt 00:00:32]} 36.
Qc8 {[%clk 00:03:49]} {[%emt 00:02:11]} Rxc3+ {[%clk 00:17:44]} {[%emt
00:00:08]} 37. Kf4 {[%clk 00:03:44]} {[%emt 00:00:41]} Nd2 {[%clk 00:17:52]}
{[%emt 00:00:26]} 38. h4 {[%clk 00:02:47]} {[%emt 00:01:33]} Rd3 {[%clk
00:17:41]} {[%emt 00:00:45]} 39. h5 {[%clk 00:02:16]} {[%emt 00:01:07]} h6
{[%clk 00:17:30]} {[%emt 00:00:47]} 40. Qa6 {[%clk 00:02:20]} {[%emt 00:00:29]}
Rd4 {[%clk 00:17:45]} {[%emt 00:00:21]} 41. Ke5 {[%clk 00:00:54]} {[%emt
00:02:11]} Rxe4+ {[%clk 00:15:57]} {[%emt 00:02:14]} 42. Kd6 {[%clk 00:01:20]}
{[%emt 00:00:08]} Rd4+ {[%clk 00:16:22]} {[%emt 00:00:10]} 43. Kc5 {[%clk
00:01:02]} {[%emt 00:00:54]} Rd5+ {[%clk 00:16:34]} {[%emt 00:00:24]} 44. Kb4
{[%clk 00:01:26]} {[%emt 00:00:11]} Rd3 {[%clk 00:16:15]} {[%emt 00:00:53]} 45.
Qa2 {[%clk 00:00:55]} {[%emt 00:01:06]} Rb3+ {[%clk 00:16:18]} {[%emt
00:00:32]} 46. Kc5 {[%clk 00:01:20]} {[%emt 00:00:10]} c3 {[%clk 00:16:43]}
{[%emt 00:00:11]} 47. Qc2 {[%clk 00:00:44]} {[%emt 00:01:10]} Rb2 {[%clk
00:17:07]} {[%emt 00:00:11]} 48. Qd1 {[%clk 00:00:54]} {[%emt 00:00:25]} Nb3+
{[%clk 00:17:29]} {[%emt 00:00:13]} 49. Kd6 {[%clk 00:00:39]} {[%emt 00:00:50]}
Rd2+ {[%clk 00:17:53]} {[%emt 00:00:11]}  0-1

[Event "The Irish Championship 2020"]
[Site "Colaiste Eanna, Dublin, Ireland"]
[Date "2020.08.03"]
[Round "3"]
[Board "14"]
[White "Lyons, Brendan"]
[Black "Mirza, Diana"]
[Result "1-0"]
[WhiteElo "1941"]
[BlackElo "1939"]
[PlyCount "0"]
[EventDate "2020.08.01"]
[EventRounds "9"]
[EventCountry "IRL"]

1. e4 {[%clk 02:16:05]} {[%emt 00:00:03]} c5 {[%clk 02:12:09]} {[%emt
00:04:03]} 2. Nc3 {[%clk 02:16:30]} {[%emt 00:00:10]} g6 {[%clk 02:12:12]}
{[%emt 00:00:32]} 3. f4 {[%clk 02:15:57]} {[%emt 00:01:07]} Bg7 {[%clk
02:10:59]} {[%emt 00:01:49]} 4. Nf3 {[%clk 02:16:24]} {[%emt 00:00:08]} Nc6
{[%clk 02:04:47]} {[%emt 00:06:47]} 5. Bc4 {[%clk 02:15:27]} {[%emt 00:01:33]}
e6 {[%clk 02:03:40]} {[%emt 00:01:42]} 6. f5 {[%clk 02:11:58]} {[%emt
00:04:04]} gxf5 {[%clk 01:58:19]} {[%emt 00:05:55]} 7. d3 {[%clk 02:09:19]}
{[%emt 00:03:14]} fxe4 {[%clk 01:44:07]} {[%emt 00:14:47]} 8. dxe4 {[%clk
02:07:23]} {[%emt 00:02:32]} Nge7 {[%clk 01:43:15]} {[%emt 00:01:27]} 9. O-O
{[%clk 02:07:12]} {[%emt 00:00:46]} O-O {[%clk 01:43:08]} {[%emt 00:00:41]} 10.
Ng5 {[%clk 01:35:07]} {[%emt 00:32:39]} f6 {[%clk 01:34:21]} {[%emt 00:09:23]}
11. Nh3 {[%clk 01:34:36]} {[%emt 00:01:06]} Ne5 {[%clk 01:31:17]} {[%emt
00:03:39]} 12. Be2 {[%clk 01:28:06]} {[%emt 00:07:05]} N7g6 {[%clk 01:12:56]}
{[%emt 00:18:56]} 13. Nf4 {[%clk 01:20:13]} {[%emt 00:08:28]} a6 {[%clk
01:07:01]} {[%emt 00:06:29]} 14. Nh5 {[%clk 01:15:44]} {[%emt 00:05:03]} b5
{[%clk 01:04:02]} {[%emt 00:03:35]} 15. Be3 {[%clk 01:07:23]} {[%emt 00:08:56]}
Qe7 {[%clk 01:02:03]} {[%emt 00:02:35]} 16. Nd5 {[%clk 01:05:45]} {[%emt
00:02:12]} Qf7 {[%clk 00:50:09]} {[%emt 00:12:28]} 17. Ndxf6+ {[%clk 00:47:29]}
{[%emt 00:18:52]} Bxf6 {[%clk 00:49:57]} {[%emt 00:00:47]} 18. Bh6 {[%clk
00:40:04]} {[%emt 00:08:00]} Nf3+ {[%clk 00:32:53]} {[%emt 00:17:39]} 19. Rxf3
{[%clk 00:39:03]} {[%emt 00:01:35]} Bd4+ {[%clk 00:33:24]} {[%emt 00:00:05]} 20.
Kh1 {[%clk 00:39:09]} {[%emt 00:00:28]} Qe7 {[%clk 00:33:48]} {[%emt 00:00:12]}
21. Bxf8 {[%clk 00:38:34]} {[%emt 00:01:07]} Nxf8 {[%clk 00:34:15]} {[%emt
00:00:11]} 22. c3 {[%clk 00:32:55]} {[%emt 00:06:14]} Be5 {[%clk 00:34:18]}
{[%emt 00:00:32]} 23. Qd2 {[%clk 00:30:46]} {[%emt 00:02:43]} Bb7 {[%clk
00:32:46]} {[%emt 00:02:07]} 24. Qe3 {[%clk 00:27:39]} {[%emt 00:03:41]} Qh4
{[%clk 00:28:14]} {[%emt 00:05:09]} 25. Rh3 {[%clk 00:24:22]} {[%emt 00:03:50]}
Qxe4 {[%clk 00:28:08]} {[%emt 00:00:42]} 26. Rg3+ {[%clk 00:13:29]} {[%emt
00:11:29]} Ng6 {[%clk 00:23:12]} {[%emt 00:05:30]} 27. Qf2 {[%clk 00:07:19]}
{[%emt 00:06:45]} Bxg3 {[%clk 00:19:14]} {[%emt 00:04:33]} 28. Nf6+ {[%clk
00:05:55]} {[%emt 00:01:59]} Kh8 {[%clk 00:19:39]} {[%emt 00:00:11]} 29. hxg3
{[%clk 00:04:31]} {[%emt 00:01:59]} Qc6 {[%clk 00:14:14]} {[%emt 00:06:00]} 30.
Bd3 {[%clk 00:02:25]} {[%emt 00:02:41]} Rf8 {[%clk 00:13:56]} {[%emt 00:00:52]}
31. Be4 {[%clk 00:01:27]} {[%emt 00:01:34]} d5 {[%clk 00:13:25]} {[%emt
00:01:06]} 32. Bxg6 {[%clk 00:01:09]} {[%emt 00:00:53]} hxg6 {[%clk 00:13:29]}
{[%emt 00:00:31]} 33. Qf4 {[%clk 00:01:31]} {[%emt 00:00:12]} Kg7 {[%clk
00:12:16]} {[%emt 00:01:48]} 34. Rf1 {[%clk 00:01:12]} {[%emt 00:00:55]} Rh8+
{[%clk 00:07:35]} {[%emt 00:05:17]} 35. Kg1 {[%clk 00:01:41]} {[%emt 00:00:06]}
d4 {[%clk 00:03:58]} {[%emt 00:04:12]} 36. Nh5+ {[%clk 00:01:18]} {[%emt
00:00:57]} Kh7 {[%clk 00:02:59]} {[%emt 00:01:33]} 37. Nf6+ {[%clk 00:01:09]}
{[%emt 00:00:46]} Kg7 {[%clk 00:03:27]} {[%emt 00:00:07]} 38. Nh5+ {[%clk
00:01:21]} {[%emt 00:00:22]} Kh7 {[%clk 00:03:59]} {[%emt 00:00:02]} 39. Qf7+
{[%clk 00:00:56]} {[%emt 00:01:00]} Kh6 {[%clk 00:04:28]} {[%emt 00:00:06]} 40.
Qg7+ {[%clk 00:01:18]} {[%emt 00:00:13]} Kg5 {[%clk 00:04:29]} {[%emt
00:00:34]} 41. Qf6+ {[%clk 00:01:25]} {[%emt 00:00:28]}  1-0

[Event "The Irish Championship 2020"]
[Site "Colaiste Eanna, Dublin, Ireland"]
[Date "2020.08.03"]
[Round "3"]
[Board "15"]
[White "Peoples, Jonathon"]
[Black "O'Gorman, Alice"]
[Result "1-0"]
[WhiteElo "1932"]
[BlackElo "1904"]
[PlyCount "0"]
[EventDate "2020.08.01"]
[EventRounds "9"]
[EventCountry "IRL"]

1. d4 {[%emt 00:04:30]} d5 {[%emt 00:00:04]} 2. c4 {[%emt 00:00:03]} e6 {[%emt
00:00:02]} 3. Nc3 {[%emt 00:00:04]} c6 {[%emt 00:00:05]} 4. e4 {[%emt
00:02:48]} dxe4 {[%emt 00:00:19]} 5. Nxe4 {[%emt 00:00:19]} Bb4+ {[%emt
00:00:03]} 6. Nc3 {[%emt 00:01:05]} c5 {[%emt 00:00:06]} 7. Be3 {[%emt
00:07:01]} Nf6 {[%emt 00:01:16]} 8. Nf3 {[%emt 00:09:50]} Nc6 {[%emt 00:00:39]}
9. Be2 {[%emt 00:07:47]} Ne4 {[%emt 00:02:16]} 10. Rc1 {[%emt 00:04:32]} O-O
{[%emt 00:02:52]} 11. O-O {[%emt 00:02:33]} Nxc3 {[%emt 00:02:38]} 12. bxc3
{[%emt 00:00:08]} Ba5 {[%emt 00:00:32]} 13. d5 {[%emt 00:04:02]} Ne7 {[%emt
00:15:15]} 14. Bxc5 {[%emt 00:02:29]} Re8 {[%emt 00:12:12]} 15. Bxe7 {[%emt
00:08:27]} Qxe7 {[%emt 00:00:55]} 16. d6 {[%emt 00:00:08]} Qd8 {[%emt
00:00:25]} 17. c5 {[%emt 00:00:49]} Bd7 {[%emt 00:01:12]} 18. Qb3 {[%emt
00:08:17]} Bc6 {[%emt 00:10:28]} 19. Ne5 {[%emt 00:03:52]} Bxg2 {[%emt
00:17:31]} 20. Kxg2 {[%emt 00:05:16]} Qg5+ {[%emt 00:00:11]} 21. Ng4 {[%emt
00:01:28]} h5 {[%emt 00:00:21]} 22. Qxb7 {[%emt 00:00:23]} hxg4 {[%emt
00:07:22]} 23. Qb5 {[%emt 00:06:30]} Qe5 {[%emt 00:01:50]} 24. Qxa5 {[%emt
00:02:45]} Qxe2 {[%emt 00:00:09]} 25. Kg1 {[%emt 00:02:03]} Qf3 {[%emt
00:01:35]} 26. d7 {[%emt 00:01:39]} Red8 {[%emt 00:02:16]} 27. Qc7 {[%emt
00:00:55]} f5 {[%emt 00:02:54]} 28. c6 {[%emt 00:03:01]} f4 {[%emt 00:01:24]}
29. Qd6 {[%emt 00:07:40]} g3 {[%emt 00:08:55]} 30. Qxe6+ {[%emt 00:00:30]} Kh7
{[%emt 00:03:22]} 31. fxg3 {[%emt 00:00:19]}  1-0